C++ GUI programming with Qt3 (Record no. 6651)

000 -LEADER
fixed length control field 00833 a2200217 4500
020 ## - INTERNATIONAL STANDARD BOOK NUMBER
International Standard Book Number 0131240722
040 ## - CATALOGING SOURCE
Original cataloging agency DLC
Language of cataloging DLC
082 00 - DEWEY DECIMAL CLASSIFICATION NUMBER
Classification number 005.4/37
100 1# - MAIN ENTRY--PERSONAL NAME
Personal name Blanchette, Jasmin.
245 10 - TITLE STATEMENT
Title C++ GUI programming with Qt3
Statement of responsibility, etc. Jasmin Blanchette, Mark Summerfield.
246 3# - VARYING FORM OF TITLE
Title proper/short title C plus plus programming with Qt3
260 ## - PUBLICATION, DISTRIBUTION, ETC.
Place of publication, distribution, etc. Delhi. :
Name of publisher, distributor, etc. Pearson,
Date of publication, distribution, etc. c2004.
300 ## - PHYSICAL DESCRIPTION
Extent xvi, 440 p. :
Other physical details ill. ;
Dimensions 24 cm. +
Accompanying material 1 CD-ROM (4 3/4 in.)
440 #0 - SERIES STATEMENT/ADDED ENTRY--TITLE
Title Bruce Perens' Open source series
500 ## - GENERAL NOTE
General note Includes index.
538 ## - SYSTEM DETAILS NOTE
System details note System requirements for accompanying CD-ROM: Windows 95, 98, NT 4, ME, 2000, XP, or Mac OS X, or Linus, or most versions of Unix; CD-ROM drive.
650 #0 - SUBJECT ADDED ENTRY--TOPICAL TERM
Topical term or geographic name entry element Graphical user interfaces (Computer systems)
650 #0 - SUBJECT ADDED ENTRY--TOPICAL TERM
Topical term or geographic name entry element C++ (Computer program language)
700 1# - ADDED ENTRY--PERSONAL NAME
Personal name Summerfield, Mark.
942 ## - ADDED ENTRY ELEMENTS (KOHA)
Koha item type Book
Call number prefix 005.437 BLA
Source of classification or shelving scheme
Holdings
Withdrawn status Lost status Damaged status Not for loan Collection code Permanent Location Current Location Shelving location Date acquired Source of acquisition Cost, normal purchase price Total Checkouts Total Renewals Full call number Barcode Date last seen Date last checked out Price effective from Koha item type
          Central Library (CL) Central Library (CL) First Floor - Operating System/ Data Structure 03/02/2005 Pak Book Corporation 337.50 4 1 005.437 BLA SEECS005348 01/23/2019 12/01/2018 01/05/2017 Book
© 2023 Central Library, National University of Sciences and Technology. All Rights Reserved.